| 000 | 00724nam a22002531 4500 | ||
|---|---|---|---|
| 001 | bimo0001240410 | ||
| 003 | OSt | ||
| 005 | 20140820150856.0 | ||
| 008 | 940725s1975 sp spa | ||
| 020 | _a84-239-0356-7 | ||
| 040 |
_aSpMaBN _cBMC |
||
| 082 | _a882.0109 | ||
| 082 | _a780.1 | ||
| 100 | 1 |
_922046 _aNietzsche, Friedrich _d1844-1900 |
|
| 245 | 1 | 3 |
_aEl origen de la tragedia _cNietzsche ; [traducción de Eduardo Ovejero Maurí] |
| 250 | _a6ª ed | ||
| 260 | 0 |
_aMadrid _bEspasa-Calpe _c1975 |
|
| 300 |
_a143 p. _c18 cm |
||
| 490 | 0 |
_aAustral _v356 |
|
| 650 |
_9464 _aTragedia griega _xHistoria y crítica |
||
| 650 |
_9465 _aMúsica _xFilosofía |
||
| 700 | 1 |
_9291 _aOvejero y Maury, Eduardo |
|
| 942 |
_2ddc _cBK |
||
| 999 |
_c334 _d334 |
||